000 00282nam a22001217a 4500
020 _a81-8388-318-4
082 _a000
_bSPI/G
100 _aSPIDER BOOKS
245 _aMY PRE-SCHOOL BOOK OF GOOD HABITS
260 _aCHENNAI
_bSPIDER BOOKS
650 _aPICTURE BOOK
_zINDIA
942 _cBK
999 _c4669
_d4669